| 000 | 00000nam 2200000za 4500 |
| 001 | 9.835689 |
| 003 | CaOODSP |
| 005 | 20250910142445 |
| 007 | cr ||||||||||| |
| 008 | 170424s2016 onc #o f000 0 fre d |
| 040 | |aCaOODSP|bfre |
| 043 | |an-cn--- |
| 086 | 1 |aD2-515/2016F-PDF |
| 245 | 00|aFeuillet de renseignements sur l'usage du DMSO |h[ressource électronique]. |
| 246 | 17|aSubstances améliorant la performance faits et conclusions |
| 260 | |a[Ottawa?] : |bDéfense nationale, |c[2016]. |
| 300 | |a[3] p. |
| 500 | |aTitre de départ. |
| 500 | |a« Promotion de la santé dans les Forces canadiennes, Énergiser les Forces. » |
| 500 | |aPublié aussi en anglais sous le titre: Use of DMSO. |
| 520 | |a« Le DMSO ou diméthylsulfoxyde est un liquide incolore et légèrement huileux dérivé de végétaux et prenant la forme d’un sous-produit de la fabrication du papier. Son dérivé cristallin, le MSM (méthylsulfonylméthane), partage presque les mêmes propriétés, à une exception près : il ne donne pas à l’haleine et au corps cette odeur d’ail que l’on rencontre si souvent chez les consommateurs de DMSO. Le MSM est également appelé sulfone de diméthyl, DMSO cristallin, DMSO2 ou OptiMSM. » -- Qu'est-ce que c'est? |
| 692 | 07|2gccst|aProduit industriel |
| 692 | 07|2gccst|aProduit médical |
| 710 | 1 |aCanada. |bMinistère de la défense nationale. |
| 775 | 08|tUse of DMSO |w(CaOODSP)9.835602 |
| 856 | 40|qPDF|s185 Ko|uhttps://publications.gc.ca/collections/collection_2017/mdn-dnd/D2-515-2016-fra.pdf |